Dramatique - arone - Statistiques

Statistiques générales
  • Ce quiz a été pris 4 fois
  • Le résultat moyen est 141 sur 256
Statistiques - réponses
Réponse % Correct
A
100%
à
100%
avec
100%
dramatique
100%
est
100%
pour
100%
pourquoi
100%
si
100%
toi
100%
tout
100%
autre
50%
autres
50%
avertie
50%
ça
50%
c'est
50%
c'était
50%
chose
50%
choses
50%
contrôle
50%
dans
50%
de
50%
décide
50%
déconner
50%
demain
50%
des
50%
désolé
50%
dif
50%
donné
50%
entre
50%
et
50%
eu
50%
fais
50%
feelings
50%
grand
50%
haine
50%
ils
50%
interdit
50%
j'ai
50%
jamais
50%
je
50%
j'me
50%
joué
50%
la
50%
50%
larmes
50%
l'averse
50%
le
50%
Les
50%
les
50%
l'inverse
50%
l'odeur
50%
ma
50%
magazines
50%
main
50%
maintenant
50%
mal
50%
maladif
50%
manque
50%
m'avaient
50%
m'disaient
50%
me
50%
moi
50%
mon
50%
noeuds
50%
noirs
50%
nos
50%
nous
50%
on
50%
pas
50%
perdent
50%
peux
50%
plus
50%
que
50%
qui
50%
rappelle
50%
regardais
50%
regarder
50%
remets
50%
roulées
50%
sac
50%
sais
50%
seras
50%
sert
50%
s'est
50%
sous
50%
te
50%
t'écoute
50%
técoute
50%
tes
50%
tête
50%
tous
50%
toutes
50%
tu
50%
une
50%
veille
50%
ventre
50%
verra
50%
vertiges
50%
voir
50%
vraiment
50%
yeux
50%
big
0%
comme
0%
humeurs
0%
j'crois
0%
loopings
0%
passe
0%
peines
0%
qu'faut
0%
rancoeur
0%
s'expriment
0%
slim
0%
Aucun quiz correspondant
Distribution des résultats
% des personnes avec chaque résultat
Percentile par nombre de réponses
Votre historique - résultats
Vous n’avez pas pris ce quiz